Guía legis para la pequeña empresa / (Registro nro. 4101)

Detalles MARC
000 -LEADER
fixed length control field 00871nam a2200217Ia 4500
003 - CONTROL NUMBER IDENTIFIER
control field OSt
005 - DATE AND TIME OF LATEST TRANSACTION
control field 20200821224431.0
008 - FIXED-LENGTH DATA ELEMENTS--GENERAL INFORMATION
fixed length control field 191128t2012 ck gr f000 0 spa d
020 ## - INTERNATIONAL STANDARD BOOK NUMBER
International Standard Book Number 9789586539685
040 ## - CATALOGING SOURCE
Original cataloging agency CO-JMCR
Transcribing agency CO-JMCR
041 0# - LANGUAGE CODE
Language code of text/sound track or separate title spa
082 04 - DEWEY DECIMAL CLASSIFICATION NUMBER
Classification number 346.8610652 /
Item number L514g
Edition number 23
110 2# - MAIN ENTRY--CORPORATE NAME
Corporate name or jurisdiction name as entry element Legis Editores S.A. (Bogotá)
9 (RLIN) 9086
245 10 - TITLE STATEMENT
Title Guía legis para la pequeña empresa /
260 ## - PUBLICATION, DISTRIBUTION, ETC.
Place of publication, distribution, etc. Bogotá :
Name of publisher, distributor, etc. Legis,
Date of publication, distribution, etc. ©2012
300 ## - PHYSICAL DESCRIPTION
Extent 295 páginas ;
Dimensions 27 cm.
505 0# - FORMATTED CONTENTS NOTE
Formatted contents note Generalidades sobre la empresa -- Constitución de empresa -- Establecimientos de comercio -- Obligaciones de las empresas -- Obligaciones mercantiles de los empresarios, matricularse en el registro mercantil
650 14 - SUBJECT ADDED ENTRY--TOPICAL TERM
Topical term or geographic name entry element Pequeña y mediana empresa
General subdivision legislación
Geographic subdivision Colombia
9 (RLIN) 9087
650 14 - SUBJECT ADDED ENTRY--TOPICAL TERM
Topical term or geographic name entry element Guías administración de empresas
General subdivision legislación
Geographic subdivision Colombia
9 (RLIN) 9088
942 ## - ADDED ENTRY ELEMENTS (KOHA)
Source of classification or shelving scheme Dewey Decimal Classification
Koha item type Books
Existencias
Withdrawn status Lost status Source of classification or shelving scheme Damaged status Not for loan Collection code Home library Current library Date acquired Source of acquisition Total Checkouts Full call number Barcode Date last seen Date last checked out Copy number Koha item type
    Dewey Decimal Classification     Non-fiction Biblioteca Pública José María del Castillo y Rada Biblioteca Pública José María del Castillo y Rada 07/22/2018 Donación 1 346.8610652 / L514g 201808903 05/16/2024 10/19/2023 Ej.1 Books